Statystyki dla Prezydenci Polski od II RP do czasów współczesnych

Kliknij tutaj aby rozwiązać quiz!

Ogólne statystyki

  • Ten quiz został rozwiązany 183 razy
  • Średni wynik to 10 z 16

Statystyki odpowiedzi

Lata urzędowaniaprezydent% Poprawnych
2015-Andrzej Duda
97%
2005-10Lech Kaczyński
96%
1990-95Lech Wałęsa
96%
1995-2005Aleksander Kwaśniewski
92%
2010-15Bronisław Komorowski
91%
Prezydenci III RP - 1989-90Wojciech Jaruzelski
89%
Prezydenci II RP - 1922Gabriel Narutowicz
79%
1926-39Ignacy Mościcki
74%
Prezydent PRL - 1947-52Bolesław Bierut
70%
1922-26Stanisław Wojciechowski
56%
1989-90Ryszard Kaczorowski
48%
Prezydenci na uchodźstwie - 1939-47Władysław Raczkiewicz
25%
1977-86Edward Raczyński
17%
1947-72August Zaleski
16%
1986-89Kazimierz Sabbat
13%
1972-79Stanisław Ostrowski
8%

Rozkład punktacji

Percentyl według liczby udzielonych odpowiedzi

Procent ludzi z każdym wynikiem

Twoja historia wyników

Nie rozwiązałeś tego quizu